| 000 | 00000nam##2200000za#4500 |
| 001 | 9.686018 |
| 003 | CaOODSP |
| 005 | 20210624230340 |
| 007 | cr ||||||||||| |
| 008 | 150407|2000||||xxc|||||o f|0| 0 eng|d |
| 020 | |a0-662-30058-0 |
| 040 | |aCaOODSP|beng |
| 043 | |an-cn--- |
| 086 | 1 |aE2-219/2000E-IN |
| 110 | 1 |aCanada.|bForeign Affairs and International Trade. |bCanadian Centre for Foreign Policy Development. |
| 245 | 10|aNATO - Nuclear Weapons Roundtable report |h[electronic resource] |
| 260 | |aOttawa - Ontario : |bForeign Affairs and International Trade. |c2000. |
| 300 | |a11p. |
| 590 | |a10-06-Supp|b2010-07-26 |
| 690 | 07|aInternational agreements|2gcpds |
| 690 | 07|aNuclear weapons|2gcpds |
| 775 | 08|tRapport de la table ronde: l'OTAN et les armes nucléaires / |w(CaOODSP)9.630733 |
| 776 | 0#|tNATO-Nuclear Weapons Roundtable report |w(CaOODSP)9.648076 |
| 856 | 40|ahttp://publications.gc.ca|qPDF|s846 KB|uhttps://publications.gc.ca/collections/Collection/E2-219-2000E.pdf |
| 986 | |a1008.7E |